000 00570nam a22001457a 4500
999 _c122147
_d122147
005 20210429111224.0
008 210429b ||||| |||| 00| 0 eng d
040 _cPK-LaUMT
082 _aRHC 320.95491
_bKHA-S
100 _aKhan, H B = خان، پی ایچ
245 _aShuhda-i-balacoat k muqaddas khoon dar haqeeqat qararadad-i-Pakistan he = شہدائے بالاکوٹ کا مقدس خون در حقیقت قرار داد پاکستان ہے /
_cby H B Khan = ایچ پی خان
260 _aKarachi :
_bAl-Hamad Academy,
_c1999
300 _a210 p.
942 _cBK